Taco Hemingway - piosenki - Statystyki

Ogólne statystyki
  • Ten quiz został rozwiązany 1 966 razy
    1 890 od ostatniego zresetowania
  • Średni wynik to 10 z 20
Statystyki odpowiedzi
Wyświetlenia Nazwa piosenki % Poprawnych
67 mln Tamagotchi
83%
27 mln Tamagotchi
83%
50 mln 8 kobiet
75%
34 mln Deszcz na betonie
75%
28 mln Nostalgia
75%
23,8 mln 6 zer
69%
26 mln Fiji
63%
44,6 mln Kryptowaluty
62%
23,1 mln Następna stacja
61%
23,2 mln Tlen
46%
13 mln Chodź
41%
19 mln Art b
40%
44,5 mln Nowy kolor
39%
9,7 mln Visa
35%
14 mln Wszystko jedno
33%
11,7 mln Wiatr
30%
9,4 mln Ekodiesel
23%
10,8 mln Metallica 808
22%
11 mln Chłopaki nie płaczą
18%
10,7 mln Napad na bankiet
14%
Nie znaleziono quizów pasujących do podanych kryteriów
Rozkład punktacji
Procent ludzi z każdym wynikiem
Percentyl według liczby udzielonych odpowiedzi
Twoja historia wyników
Nie rozwiązałeś tego quizu od ostatniego zresetowania